| 000 | 00566cam a22002051 4500 | ||
|---|---|---|---|
| 001 | sa 68003357 | ||
| 003 | DLC | ||
| 005 | 20260227112452.0 | ||
| 008 | 710903s1933 ii b 000 0 eng | ||
| 010 | _asa 68003357 | ||
| 040 |
_aDLC _cDLC _dDLC |
||
| 050 | 0 | 0 |
_aRA790.5 _b.B4 |
| 100 | 1 |
_aBerkeley-Hill, Owen, _d1879-1944. |
|
| 245 | 0 | 0 |
_aCollected papers, _cby Owen A. R. Berkeley-Hill. |
| 260 |
_aCalcutta, _bBook Co., _c1933. |
||
| 300 |
_aviii, 309 p. _c22 cm. |
||
| 504 | _aBibliographical footnotes. | ||
| 650 | 0 | _aMental health. | |
| 650 | 0 | _aPsychoanalysis. | |
| 999 |
_c79420 _d79420 |
||